U.S. States that Voted for Trump in 2024 - Statistics

General Stats
  • This quiz has been taken 37 times
  • The average score is 27 of 32
Answers on the Map
Answers color-coded by a green-red scale on the quiz's map according to % correct below.
 
Answer Stats
Answer Electoral Votes % Correct
Texas 40
100%
Florida 30
97%
Kansas 6
94%
Alabama 9
91%
Arizona 11
91%
Arkansas 6
91%
Iowa 6
91%
Montana 4
91%
North Dakota 3
91%
South Dakota 3
91%
Utah 6
91%
Alaska 3
88%
Georgia 16
88%
Idaho 4
88%
Kentucky 8
88%
Louisiana 8
88%
Mississippi 6
88%
Nevada 6
88%
Ohio 17
88%
Oklahoma 7
88%
Indiana 11
84%
Michigan 15
84%
Missouri 10
84%
Tennessee 11
84%
Wyoming 3
84%
Nebraska *4
81%
North Carolina 16
81%
South Carolina 9
81%
Wisconsin 10
81%
Pennsylvania 19
78%
West Virginia 4
75%
Maine *1
44%
No matching quizzes found
Score Distribution
Percent of People with Each Score
Percentile by Number Answered
Your Score History
You have not taken this quiz